000
00212 a2200097 4500
001
30124
100
_a
Ramsey A S
245
_a
Dynamics
260
_a
London
_b
The English language Book
_c
090
_c
20075
_d
20075
942
_a
NUST-CAE
_c
M
_c
11198
999
_c
265197
_d
265197